000 01032nam a22002177a 4500
999 _c641
_d641
003 AR-CdUCM
008 190225b ||||| |||| 00| 0 spa d
040 _aMUNICIPALIDAD PROVINCIAL DEL CUSCO
_cBIBLIOTECA MUNICIPAL DEL CUSCO
082 _a818.5 /
_bB26
100 _aBassett, James
_92491
245 _aPrimera Victoria :
_bla última batalla /
260 _aBarcelona :
_bBruguera,
_c1966.
300 _a666 páginas ;
_c17 cm.
505 _aHe aquí la verdad humana de los grandes combates navales del Pacífico durante la segunda guerra mundial. Más que una "novela de guerra": una historia de hombres y mujeres, para los cuales el amor y los lazos de unión con el mundo de cada día tienen la misma y fascinante importancia que nosotros le damos. la anatomía, se ha dicho, del alto mando norteamericano en plena lucha.
650 _aNarrativa norteamericana
_92492
650 _aNovela histórica
_92493
650 _aSiglo XX
_98
650 _aBatalla naval
_92494
942 _2ddc
_cLIBROS
945 _alccs
_d2019-02-25